Tribhuvan University Central Library
Normal view MARC view
  • Saha, B.

Entry Personal Name

Number of records used in: 6

001 - CONTROL NUMBER

  • control field: 24281

003 - CONTROL NUMBER IDENTIFIER

  • control field: OSt

005 - DATE AND TIME OF LATEST TRANSACTION

  • control field: 20110731155134.0

008 - FIXED-LENGTH DATA ELEMENTS

  • fixed length control field: 110731|||a|||||| | ||| d

040 ## - CATALOGING SOURCE

  • Original cataloging agency: OSt
  • Transcribing agency: OSt

100 ## - HEADING--PERSONAL NAME

  • Personal name: Saha, B.

670 ## - SOURCE DATA FOUND

  • Source citation: Work cat.: (OSt): Chattopadhayay, D. 24278, Foundations of electronics, 1993

670 ## - SOURCE DATA FOUND

  • Source citation: Work cat.: (OSt): Chattopadhayay, D. 24278, Foundations of electronics, 1993